Marketing a jeho význam v rámci trhovej globalizácie

Špecifikácia niektorých dôležitých odporúčaní v oblasti uplatňovania marketingového manažmentu pre manažérov pôsobiacich predovšetkým v rámci slovenskej ekonomiky. Globalizácia svetového trhu a marketing.

Na minha lista:
Detalhes bibliográficos
Autor principal: Jedlička, Milan
Formato: Capítulo de Livro
Idioma:eslovaco
Assuntos:
Tags: Adicionar Tag
Sem tags, seja o primeiro a adicionar uma tag!

MARC

LEADER 00000naa$a2200000$$$4500
001 0045588
005 20231013084303.2
041 0 |a slo 
044 |a SK 
245 1 0 |a Marketing a jeho význam v rámci trhovej globalizácie  |c Milan Jedlička 
520 |a Špecifikácia niektorých dôležitých odporúčaní v oblasti uplatňovania marketingového manažmentu pre manažérov pôsobiacich predovšetkým v rámci slovenskej ekonomiky. Globalizácia svetového trhu a marketing. 
610 2 0 |a marketing 
610 2 0 |a trh svetový 
610 2 0 |a globalizácia 
610 2 0 |a marketing manažment 
100 1 |a Jedlička, Milan